Mystery License Plate #2 - Statistics

General Stats
  • This quiz has been taken 15 times
  • The average score is 8 of 10
Answers on the Map
Answers color-coded by a green-red scale on the quiz's map according to % correct below.
 
Answer Stats
Question Answer % Correct
What is the most visited National Park in the U.S Great Smoky Mountains
100%
Dolly Parton's songs are of which music genre? Country
82%
Which popular soda started as a Lemon-lime mixer for whiskey Mountain Dew
82%
Bessie Smith's songs are of which music genre? Blues
73%
The above proscess is caused by __________ Chemical Weathering
73%
The group of states that seceded from the union are known as the Confederate
73%
The third largest interstate in the USA is I-40
73%
Landscapes with a lot of underground caves, sinkholes, caverns and underwater drainage systems are typically _____ topography Karst
73%
What is the number one potato chip brand in the world Lay's
73%
Ruby Falls is the tallest _______ waterfall in the U.S Underground
73%
No matching quizzes found
Score Distribution
Percent of People with Each Score
Percentile by Number Answered
Your Score History
You have not taken this quiz